| 000 | 00619ntaaa2200193 4500 | ||
|---|---|---|---|
| 003 | 01 | ||
| 005 | 20251027202226.0 | ||
| 008 | 0714s1973 ag 01 | ||
| 040 |
_aAR-BaBN _bspa _cAR-BaBN _eaacr _dRIC |
||
| 082 | _a268.0400 D57 | ||
| 100 |
_aDilday, R. Hooper _920771 |
||
| 245 | _aProceedings of the thirty-second annual meeting of the SouthwesternBaptist Religious Education Association | ||
| 250 | _a1 ed. | ||
| 260 |
_aFort Worth : _bSouthwestern Baptist Theological Seminary, _c1952 |
||
| 300 | _a92 p | ||
| 500 | _aConferencias sobre la educación cristiana | ||
| 650 |
_aeducación cristiana _9405 |
||
| 942 | _cBK | ||
| 999 |
_c17139 _d17139 |
||